| 000 | 00698nam a2200217 u 4500 | ||
|---|---|---|---|
| 005 | 20210223133716.0 | ||
| 008 | 181122s2008 r 000 0 eng d | ||
| 020 | _a9789707187146 | ||
| 035 | _aUPN01000228032 | ||
| 049 | _aI | ||
| 050 | 4 |
_aCR4509 _bD5.2 |
|
| 100 | 1 |
_aDixon, Philip _942803 |
|
| 245 | 1 | 0 |
_aInsiders : _bcaballeros y castillos / _cPhilip Dixon ; tr. Pepe de Alba. |
| 260 |
_aMéxico : _bSilver Dolphin, _c2008. |
||
| 300 |
_a64 p. : _bil. col. |
||
| 534 |
_pTítulo original: _tInsiders caballeros y castillo |
||
| 650 | 4 |
_aCABALLEROS Y CABALLERIA - _vLITERATURA INFANTIL _911231 |
|
| 650 | 4 |
_aCASTILLOS - _vLITERATURA INFANTIL _911230 |
|
| 905 | _aInfantil | ||
| 999 |
_c200127 _d200127 |
||